Role of NDE in modern maintenance management (Record no. 40501)
[ view plain ]
| 000 -LEADER | |
|---|---|
| fixed length control field | 00552nam a22001457a 4500 |
| 008 - FIXED-LENGTH DATA ELEMENTS--GENERAL INFORMATION | |
| fixed length control field | 230607b |||||||| |||| 00| 0 eng d |
| 040 ## - CATALOGING SOURCE | |
| Original cataloging agency | National Science Library |
| Transcribing agency | National Science Library |
| 080 ## - UNIVERSAL DECIMAL CLASSIFICATION NUMBER | |
| Universal Decimal Classification number | 620.1(082.2) |
| Item number | P5 |
| 245 ## - TITLE STATEMENT | |
| Title | Role of NDE in modern maintenance management |
| Statement of responsibility, etc. | / National seminar (NDE-2005) on role of............................................12-13 March, 2005 |
| 260 ## - PUBLICATION, DISTRIBUTION, ETC. | |
| Place of publication, distribution, etc. | Orissa: |
| Name of publisher, distributor, etc. | Indian Society for Technical Education, |
| Date of publication, distribution, etc. | 2005 |
| 300 ## - PHYSICAL DESCRIPTION | |
| Extent | x, 181p. |
| 650 ## - SUBJECT ADDED ENTRY--TOPICAL TERM | |
| Topical term or geographic name entry element | Seminar |
| 700 ## - ADDED ENTRY--PERSONAL NAME | |
| Personal name | Panda, B N (Ed.) |
| 942 ## - ADDED ENTRY ELEMENTS (KOHA) | |
| Source of classification or shelving scheme | Universal Decimal Classification |
| Koha item type | Seminar |
| Withdrawn status | Lost status | Source of classification or shelving scheme | Damaged status | Not for loan | Home library | Current library | Shelving location | Date acquired | Total Checkouts | Full call number | Barcode | Date last seen | Price effective from | Koha item type |
|---|---|---|---|---|---|---|---|---|---|---|---|---|---|---|
| Universal Decimal Classification | National Science Library | National Science Library | GF/Rk-12/C-10/R-2 | 11/04/2005 | 620.1(082.2) P5 | 226021 | 07/06/2023 | 11/04/2005 | Seminar |